Сон в красном тереме: в 2 т: пер. с кит.

Dettagli Bibliografici
Autore principale: Цао Сюэ-цинь
Lingua:russo
Pubblicazione: Москва, Художественная литература, 1958-
Natura: Libro
KOHA link:https://koha.lib.tpu.ru/cgi-bin/koha/opac-detail.pl?biblionumber=102837

MARC

LEADER 00000nam1a2200000 4500
001 102837
005 20231031113128.0
035 |a (RuTPU)RU\TPU\book\110881 
090 |a 102837 
100 |a 20061006d1958 m y0rusy50 ca 
101 1 |a rus  |c chi 
102 |a RU 
200 1 |a Сон в красном тереме  |e  в 2 т: пер. с кит.  |f Цао Сюэ-цинь 
210 |a Москва  |c Художественная литература  |d 1958- 
700 1 |a Цао Сюэ-цинь 
801 1 |a RU  |b 63413507  |c 20061006  |g PSBO 
942 |c BK